[Event "DEM U10/U10w 2004"]
[Site "Willingen GER"]
[Date "2004.06.04"]
[Round "10"]
[White "Fittkau, Nico"]
[Black "Dauer, Maximilian"]
[Result "0-1"]
[Termination "normal"]
[Board "17"]
[WhiteElo "1253"]
[BlackElo "1124"]
[PlyCount "116"]
[EventCountry "GER"]
[EventRounds "11"]
[EventType "swiss"]
[EventDate "2004.05.29"]

1. e4 e6 2. d4 d5 3. e5 c5 4. c3 Nc6 5. Nf3 Qb6 6. a3 cxd4 7. cxd4 Nge7 8. b4
Nf5 9. Bb2 Bd7 10. Be2 Be7 11. O-O O-O 12. g4 Nh4 13. Nxh4 Bxh4 14. b5 Ne7 15.
Nc3 Ng6 16. Na4 Qd8 17. Nc5 b6 18. Nxd7 Qxd7 19. Rc1 Rac8 20. Qd2 h6 21. a4
Rxc1 22. Rxc1 Bg5 23. Qd1 Bxc1 24. Qxc1 Rc8 25. Qd2 Qc7 26. Bd3 Nh4 27. Qe3 Qe7
28. Qg3 Ng6 29. Be2 Qb4 30. Qa3 Qxa3 31. Bxa3 Nf4 32. Bf1 Rc3 33. Bd6 Rc8 34.
h4 g6 35. Kh2 Rc1 36. Kg1 Ra1 37. Bb4 Rxa4 38. Bc3 Kg7 39. Kh2 g5 40. h5 f6 41.
exf6+ Kxf6 42. Kg1 Ra3 43. Bb2 Rb3 44. Bc1 Rb1 45. Be3 e5 46. dxe5+ Kxe5 47.
Bxf4+ Kxf4 48. Kg2 Kxg4 49. Be2+ Kf4 50. Bd3 Rd1 51. Bc2 Rd2 52. Bb3 d4 53. Bc4
d3 54. Bb3 Rb2 55. Bd1 Rb1 56. Ba4 d2 57. Bc2 d1=Q 58. Bxd1 Rxd1 0-1

[Event "DEM U10/U10w 2004"]
[Site "Willingen GER"]
[Date "2004.06.04"]
[Round "10"]
[White "Göbel, Constantin"]
[Black "Schätz, Annika"]
[Result "0-1"]
[Termination "normal"]
[Board "18"]
[WhiteElo "1237"]
[BlackElo "1139"]
[PlyCount "72"]
[WhiteFideId "24647071"]
[BlackFideId "24674796"]
[EventCountry "GER"]
[EventRounds "11"]
[EventType "swiss"]
[EventDate "2004.05.29"]

1. d4 d5 2. c4 dxc4 3. Nc3 Nf6 4. Bg5 e6 5. e4 Be7 6. Bxf6 Bxf6 7. Nf3 Nc6 8.
e5 Be7 9. Bxc4 O-O 10. O-O b6 11. Bb5 Bb7 12. d5 exd5 13. Qxd5 Qxd5 14. Nxd5
Bd8 15. Nc3 a6 16. Bc4 Re8 17. Rfe1 Nb4 18. Nd4 c5 19. e6 fxe6 20. Nxe6 Kh8 21.
Bb3 Bf6 22. Rad1 Rac8 23. a3 Nc6 24. Nf4 Nd4 25. Bd5 Bc6 26. Rd3 Bxd5 27. Ncxd5
Bg5 28. Nh3 Bc1 29. Rxc1 Ne2+ 30. Kf1 Nxc1 31. Rc3 Ne2 32. Rc2 Nd4 33. Rc3 Re2
34. Nxb6 Rxb2 35. Re3 Rxb6 36. g3 Re6 0-1

[Event "DEM U10/U10w 2004"]
[Site "Willingen GER"]
[Date "2004.06.04"]
[Round "10"]
[White "Gisy, Roberto"]
[Black "Sancar, Alina"]
[Result "1-0"]
[Termination "normal"]
[Board "19"]
[WhiteElo "1229"]
[BlackElo "992"]
[PlyCount "127"]
[BlackFideId "4624750"]
[EventCountry "GER"]
[EventRounds "11"]
[EventType "swiss"]
[EventDate "2004.05.29"]

1. e4 e5 2. Nf3 Nc6 3. Nc3 Bc5 4. Nxe5 Nxe5 5. d4 Bxd4 6. Qxd4 d6 7. f4 c5 8.
Qd1 Nc6 9. Be3 Nf6 10. Be2 O-O 11. Qd2 Qe7 12. Bf3 Rd8 13. O-O-O Bg4 14. h3
Bxf3 15. gxf3 Rd7 16. Qg2 Rad8 17. Rhg1 g6 18. Bf2 d5 19. Bh4 Qe6 20. e5 Nxe5
21. Rge1 Nd3+ 22. Rxd3 Qf5 23. Bxf6 Qxf4+ 24. Qd2 Qxf6 25. Qh6 d4 26. Nd1 Qg7
27. Qxg7+ Kxg7 28. Nf2 b5 29. Rd2 Rd6 30. Rde2 Rf6 31. Ne4 Rxf3 32. Nxc5 Rxh3
33. Re7 Kf6 34. Rxa7 h5 35. Rf1+ Kg5 36. Raxf7 h4 37. Ne4+ Kh6 38. R7f6 Re3 39.
R6f4 Re8 40. Rxh4+ Kg7 41. Rff4 Re5 42. Nd6 g5 43. Rhg4 Kg6 44. Re4 Re1+ 45.
Kd2 R1xe4 46. Rxe4 Rxe4 47. Nxe4 Kf5 48. Nxg5 Kxg5 49. Kd3 Kf5 50. Kxd4 Ke6 51.
Kc5 Kd7 52. Kxb5 Kc7 53. c4 Kb7 54. b4 Kc7 55. Ka6 Kc6 56. b5+ Kc7 57. Ka7 Kd6
58. b6 Kc5 59. b7 Kxc4 60. b8=Q Kd4 61. Qc7 Kd5 62. Kb6 Kd4 63. Qc5+ Ke4 64.
Qd6 1-0

[Event "DEM U10/U10w 2004"]
[Site "Willingen GER"]
[Date "2004.06.04"]
[Round "10"]
[White "Schäfer, Daniela"]
[Black "Stark, Saskia"]
[Result "0-1"]
[Termination "normal"]
[Board "20"]
[WhiteElo "918"]
[BlackElo "1226"]
[PlyCount "126"]
[WhiteFideId "4624769"]
[BlackFideId "4601050"]
[EventCountry "GER"]
[EventRounds "11"]
[EventType "swiss"]
[EventDate "2004.05.29"]

1. e4 c5 2. Nf3 e6 3. d4 cxd4 4. Nxd4 a6 5. Nc3 Qc7 6. Be2 b5 7. a3 Bb7 8. Be3
Nf6 9. Bf3 d6 10. O-O Nbd7 11. Nb3 Be7 12. Qe2 O-O 13. Rfd1 Bc6 14. Rd2 Qb7 15.
Qd3 Ne5 16. Qd4 Nc4 17. Re2 e5 18. Qd3 Nxb2 19. Qd2 Nxe4 20. Nxe4 Bxe4 21. Bxe4
Qxe4 22. Bd4 Nc4 23. Rxe4 Nxd2 24. Nxd2 f5 25. Re2 Bg5 26. Nf3 Bf6 27. Bc3 e4
28. Bxf6 exf3 29. gxf3 Rxf6 30. Kf1 Kf7 31. Rae1 Ra7 32. h3 Rd7 33. Kg2 d5 34.
Kg3 Rdd6 35. Re7+ Kg6 36. h4 Rf7 37. R7e6+ Rxe6 38. Rxe6+ Rf6 39. h5+ Kxh5 40.
Rxf6 gxf6 41. Kh3 f4 42. c3 Kg5 43. Kg2 a5 44. Kh3 h6 45. Kg2 Kf5 46. Kh3 Ke5
47. Kg4 d4 48. cxd4+ Kxd4 49. Kxf4 b4 50. axb4 axb4 51. Kf5 b3 52. Kxf6 b2 53.
Kg6 b1=Q+ 54. Kxh6 Qf5 55. Kg7 Qxf3 56. Kg6 Qxf2 57. Kg5 Qf3 58. Kg6 Qf4 59.
Kg7 Qf5 60. Kg8 Qg5+ 61. Kh7 Ke5 62. Kh8 Kf6 63. Kh7 Qg7# 0-1

[Event "DEM U10/U10w 2004"]
[Site "Willingen GER"]
[Date "2004.06.04"]
[Round "10"]
[White "Ohnesorg, Felix"]
[Black "Bialas, Daniel"]
[Result "1-0"]
[Termination "normal"]
[Board "21"]
[WhiteElo "1226"]
[BlackElo "982"]
[PlyCount "113"]
[WhiteFideId "24653578"]
[EventCountry "GER"]
[EventRounds "11"]
[EventType "swiss"]
[EventDate "2004.05.29"]

1. e4 c6 2. d4 d5 3. exd5 cxd5 4. Bd3 Nf6 5. Nf3 Bg4 6. Nbd2 e6 7. h3 Bh5 8.
O-O Nc6 9. c3 Bd6 10. Re1 O-O 11. Qc2 Bxf3 12. Nxf3 g6 13. Bg5 Rc8 14. Ne5 Nb4
15. Qd2 Nxd3 16. Qxd3 Be7 17. Re3 Nd7 18. Bxe7 Qxe7 19. Nxd7 Qxd7 20. a3 f6 21.
Rae1 Rce8 22. Qe2 Kf7 23. Rf3 Re7 24. Qe5 Kg7 25. Qf4 g5 26. Qg4 Rd8 27. h4 e5
28. Qxd7 Rdxd7 29. hxg5 fxg5 30. Rxe5 Rxe5 31. dxe5 Re7 32. Rg3 Rxe5 33. f4 Rf5
34. fxg5 Kg6 35. Re3 Rf7 36. Re5 Rd7 37. Kf2 h5 38. gxh6 Kxh6 39. Ke3 Rg7 40.
Kf3 Rf7+ 41. Kg3 Rg7+ 42. Kh2 Rd7 43. g4 Rd6 44. Kg3 Kg6 45. Kf4 Rf6+ 46. Rf5
Rxf5+ 47. gxf5+ Kf6 48. Kg4 b6 49. Kf4 a6 50. Kg4 b5 51. Kf4 a5 52. Kg4 b4 53.
axb4 axb4 54. Kf4 bxc3 55. bxc3 Kf7 56. Ke5 Ke7 57. Kxd5 1-0

[Event "DEM U10/U10w 2004"]
[Site "Willingen GER"]
[Date "2004.06.04"]
[Round "10"]
[White "Spangenberg, Romy"]
[Black "Strohmann, Marc"]
[Result "1/2-1/2"]
[Termination "normal"]
[Board "22"]
[WhiteElo "1119"]
[BlackElo "1248"]
[PlyCount "75"]
[WhiteFideId "4627997"]
[EventCountry "GER"]
[EventRounds "11"]
[EventType "swiss"]
[EventDate "2004.05.29"]

1. e4 c6 2. d4 d5 3. exd5 cxd5 4. Bd3 Nc6 5. c3 g6 6. Nd2 Bg7 7. Ngf3 Nf6 8. h3
O-O 9. Nf1 Bf5 10. Ng3 Bxd3 11. Qxd3 e6 12. O-O Qc7 13. Bg5 Qb6 14. b3 Rac8 15.
Rac1 Qa5 16. Ra1 a6 17. c4 dxc4 18. bxc4 Nb4 19. Qb3 Rc7 20. a3 Nc6 21. Bd2
Nxd4 22. Bxa5 Nxb3 23. Bxc7 Nxa1 24. Nd4 Ne8 25. Bb6 Bxd4 26. Bxd4 Nb3 27. Bc3
Nc7 28. Rb1 Nc5 29. Bd4 Nd3 30. Rxb7 Rc8 31. Ne4 Ne8 32. c5 f5 33. Nf6+ Nxf6
34. Bxf6 Nxc5 35. Rg7+ Kf8 36. Rxh7 Rc6 37. Rg7 Ne4 38. Be5 1/2-1/2

[Event "DEM U10/U10w 2004"]
[Site "Willingen GER"]
[Date "2004.06.04"]
[Round "10"]
[White "Pältz, Sebastian"]
[Black "Braun, Georg"]
[Result "1/2-1/2"]
[Termination "normal"]
[Board "23"]
[WhiteElo "1001"]
[BlackElo "1181"]
[PlyCount "42"]
[WhiteFideId "24648027"]
[BlackFideId "24629383"]
[EventCountry "GER"]
[EventRounds "11"]
[EventType "swiss"]
[EventDate "2004.05.29"]

1. e4 e6 2. d4 d5 3. Nc3 Bb4 4. Nge2 Nf6 5. a3 Ba5 6. b4 Bb6 7. Ng3 Nc6 8. e5
Nd7 9. Be3 O-O 10. b5 Ne7 11. a4 Ba5 12. Bd2 c5 13. bxc6 Nxc6 14. Qg4 Bxc3 15.
Bxc3 f5 16. Qh3 Qe8 17. Bd3 Qg6 18. f3 Nb6 19. O-O Bd7 20. Ne2 Nc4 21. Nf4 Qg5
1/2-1/2

[Event "DEM U10/U10w 2004"]
[Site "Willingen GER"]
[Date "2004.06.04"]
[Round "10"]
[White "Döll, Laurin"]
[Black "Rutz, Maximilian"]
[Result "1-0"]
[Termination "normal"]
[Board "24"]
[WhiteElo "1171"]
[BlackElo "962"]
[PlyCount "77"]
[EventCountry "GER"]
[EventRounds "11"]
[EventType "swiss"]
[EventDate "2004.05.29"]

1. e4 d5 2. exd5 Nf6 3. Bb5+ Bd7 4. Bxd7+ Nbxd7 5. Nc3 Nb6 6. Nf3 Nbxd5 7. Nxd5
Qxd5 8. O-O e5 9. c4 Qxc4 10. Nxe5 Qd5 11. Re1 Be7 12. d4 O-O 13. Nf3 Rfe8 14.
Bg5 h6 15. Bh4 Rad8 16. Rc1 Qxa2 17. Rxc7 Bb4 18. Rxe8+ Rxe8 19. Rxb7 Qxb2 20.
h3 Ra8 21. Ne5 Qa2 22. Rxb4 a5 23. Ra4 Qd5 24. Bxf6 gxf6 25. Qg4+ Kf8 26. Nd7+
Ke7 27. Nb6 Qb5 28. Qe4+ Kd6 29. Qxa8 Qxb6 30. Qxa5 Qb1+ 31. Kh2 Qb8 32. Qb4+
Qxb4 33. Rxb4 h5 34. Rb7 Kd5 35. Rxf7 Kxd4 36. Rxf6 Kd3 37. Rh6 Ke2 38. f4 h4
39. f5 1-0

[Event "DEM U10/U10w 2004"]
[Site "Willingen GER"]
[Date "2004.06.04"]
[Round "10"]
[White "Schmitt, Katrin"]
[Black "Schulz, Anja"]
[Result "0-1"]
[Termination "normal"]
[Board "25"]
[WhiteElo "995"]
[BlackElo "1166"]
[PlyCount "80"]
[WhiteFideId "24654400"]
[BlackFideId "24647845"]
[EventCountry "GER"]
[EventRounds "11"]
[EventType "swiss"]
[EventDate "2004.05.29"]

1. e4 c5 2. Nf3 Nc6 3. d4 cxd4 4. Nxd4 g6 5. Nc3 Bg7 6. Be3 Nf6 7. f3 O-O 8.
Bc4 Qb6 9. Bb3 Nxe4 10. Nxe4 Nxd4 11. O-O d5 12. Ng3 Qf6 13. Bxd5 Qe5 14. Bxd4
Qxd4+ 15. Qxd4 Bxd4+ 16. Kh1 Bd7 17. c3 Bg7 18. Bxb7 Rab8 19. Bd5 Rxb2 20. c4
Rd2 21. Ne4 Re2 22. Rfe1 Rc2 23. Rec1 Rb2 24. a3 e6 25. Nc5 exd5 26. Nxd7 Rd8
27. Nc5 dxc4 28. Rxc4 Ra2 29. Rcc1 Bxa1 30. a4 Bb2 31. Re1 Ra1 32. Rxa1 Bxa1
33. h3 Be5 34. Kg1 Bd4+ 35. Kh2 Bxc5 36. a5 Bd6+ 37. Kg1 Bg3 38. Kf1 Rd5 39. a6
Re5 40. h4 Re1# 0-1

[Event "DEM U10/U10w 2004"]
[Site "Willingen GER"]
[Date "2004.06.04"]
[Round "10"]
[White "Bashylin, Seva"]
[Black "Düssler, Stefanie"]
[Result "1/2-1/2"]
[Termination "normal"]
[Board "26"]
[WhiteElo "1143"]
[BlackElo "903"]
[PlyCount "84"]
[WhiteFideId "24688045"]
[BlackFideId "4634780"]
[EventCountry "GER"]
[EventRounds "11"]
[EventType "swiss"]
[EventDate "2004.05.29"]

1. d4 d5 2. Nf3 Nf6 3. Bg5 Bf5 4. e3 e6 5. Bd3 Bxd3 6. Qxd3 Bd6 7. O-O c6 8.
Nbd2 Nbd7 9. Ne1 O-O 10. f4 h6 11. Bh4 Be7 12. Nef3 Nh5 13. Bxe7 Qxe7 14. Ne5
Nhf6 15. Ndf3 Rad8 16. Qb3 Nxe5 17. Nxe5 Ne4 18. Rad1 f6 19. Ng6 Qf7 20. Nxf8
Rxf8 21. Qa4 a6 22. Rd3 f5 23. Rb3 Nd2 24. Rb6 Nxf1 25. Kxf1 Qc7 26. Qb4 Rb8
27. h3 g6 28. b3 Kg7 29. c4 g5 30. g4 gxf4 31. gxf5 exf5 32. exf4 Qxf4+ 33. Kg2
Qe4+ 34. Kg3 f4+ 35. Kh2 Qe2+ 36. Kh1 Rf8 37. Rxb7+ Kg6 38. Qxf8 Qf1+ 39. Kh2
Qf2+ 40. Kh1 Qf1+ 41. Kh2 Qf2+ 42. Kh1 Qf1+ 1/2-1/2

[Event "DEM U10/U10w 2004"]
[Site "Willingen GER"]
[Date "2004.06.04"]
[Round "10"]
[White "Bluma, Marcel"]
[Black "Falke, Johannes"]
[Result "1-0"]
[Termination "normal"]
[Board "27"]
[WhiteElo "1173"]
[BlackElo "761"]
[PlyCount "67"]
[WhiteFideId "1270526"]
[EventCountry "GER"]
[EventRounds "11"]
[EventType "swiss"]
[EventDate "2004.05.29"]

1. e4 e5 2. Nf3 Nc6 3. Bc4 Nf6 4. d3 Bc5 5. Bg5 d6 6. h3 Bd7 7. Nc3 h6 8. Bh4
g5 9. Bg3 Qe7 10. Qd2 O-O-O 11. O-O-O Nh7 12. h4 g4 13. Nh2 h5 14. Nd5 Qe8 15.
f3 gxf3 16. Nxf3 f5 17. exf5 Bxf5 18. Ng5 Nxg5 19. hxg5 Nd4 20. c3 Ne6 21. Bh4
Kb8 22. g6 Rc8 23. Ne7 Rd8 24. Nxf5 Rd7 25. Rhf1 Rg8 26. Bxe6 Qxe6 27. g7 Qxa2
28. Nh6 Rc8 29. g8=Q Rxg8 30. Nxg8 Qxg8 31. Qg5 Rg7 32. Qf6 Rxg2 33. Qf8+ Qxf8
34. Rxf8# 1-0

[Event "DEM U10/U10w 2004"]
[Site "Willingen GER"]
[Date "2004.06.04"]
[Round "10"]
[White "Rührmund, Daniel"]
[Black "Malici, Nora"]
[Result "1-0"]
[Termination "normal"]
[Board "29"]
[WhiteElo "1122"]
[BlackElo "912"]
[PlyCount "71"]
[WhiteFideId "24674583"]
[EventCountry "GER"]
[EventRounds "11"]
[EventType "swiss"]
[EventDate "2004.05.29"]

1. e4 e5 2. Nf3 Nf6 3. Nc3 Nc6 4. Bc4 Bc5 5. d3 d6 6. Bg5 O-O 7. Nd5 Nd4 8.
Nxd4 Bxd4 9. c3 Bb6 10. Qf3 Bg4 11. Nxf6+ gxf6 12. Qxf6 Qxf6 13. Bxf6 Be6 14.
b3 c6 15. O-O-O d5 16. exd5 cxd5 17. Bb5 a6 18. Ba4 Bc7 19. b4 a5 20. b5 Rac8
21. Kd2 e4 22. d4 Bf4+ 23. Kc2 e3 24. fxe3 Bxe3 25. b6 Bf5+ 26. Kb2 Rc4 27. Bb3
Rc6 28. Be7 Re8 29. Bc5 Rce6 30. Bxd5 Rf6 31. Bxb7 Be4 32. Bxe4 Rxe4 33. Rhf1
Rf2+ 34. Rxf2 Bxf2 35. b7 Re8 36. Bd6 1-0

[Event "DEM U10/U10w 2004"]
[Site "Willingen GER"]
[Date "2004.06.04"]
[Round "10"]
[White "Lebek, Ricarda"]
[Black "Große, Christian"]
[Result "0-1"]
[Termination "normal"]
[Board "30"]
[WhiteElo "914"]
[BlackElo "1119"]
[PlyCount "36"]
[WhiteFideId "4624688"]
[BlackFideId "24646156"]
[EventCountry "GER"]
[EventRounds "11"]
[EventType "swiss"]
[EventDate "2004.05.29"]

1. e4 c5 2. Nf3 d6 3. d4 cxd4 4. Nxd4 Nf6 5. Nc3 g6 6. Be3 Bg7 7. f3 O-O 8. Qd2
Nc6 9. O-O-O Nxd4 10. Bxd4 Be6 11. Be3 Qa5 12. Kb1 Rfc8 13. Bh6 Rxc3 14. Qxc3
Qxa2+ 15. Kc1 Bxh6+ 16. f4 Bxf4+ 17. Qe3 Bxe3+ 18. Rd2 Qa1# 0-1

[Event "DEM U10/U10w 2004"]
[Site "Willingen GER"]
[Date "2004.06.04"]
[Round "10"]
[White "Kühnel, Lena"]
[Black "Gering, Samuel"]
[Result "0-1"]
[Termination "normal"]
[Board "31"]
[WhiteElo "1104"]
[BlackElo "1059"]
[PlyCount "158"]
[WhiteFideId "24640956"]
[BlackFideId "24604526"]
[EventCountry "GER"]
[EventRounds "11"]
[EventType "swiss"]
[EventDate "2004.05.29"]

1. e4 c6 2. d4 d5 3. Nc3 dxe4 4. Nxe4 Bf5 5. Ng3 Bg6 6. Nf3 Nd7 7. Bd3 Bxd3 8.
Qxd3 e6 9. Bd2 Ngf6 10. O-O Be7 11. Rfe1 O-O 12. Rad1 Qb6 13. b3 Rad8 14. Be3
Qc7 15. Qc3 a5 16. Re2 Nd5 17. Qd3 Nb4 18. Qd2 Nc5 19. Bf4 Qc8 20. c3 Nd5 21.
dxc5 Nxf4 22. Qxf4 Rxd1+ 23. Re1 Rxe1+ 24. Nxe1 Bxc5 25. Nh5 g6 26. Nf6+ Kg7
27. Ng4 Be7 28. Qe5+ f6 29. Qxa5 Qd7 30. h3 Qd1 31. c4 b6 32. Qc3 Rd8 33. Kh2
Qd6+ 34. g3 h5 35. Ne3 Qd2 36. Qxd2 Rxd2 37. Kg2 Rxa2 38. Nd3 e5 39. Nc1 Rb2
40. g4 Bc5 41. Nd3 Rxb3 42. Nxc5 bxc5 43. gxh5 gxh5 44. Nf5+ Kf7 45. Nd6+ Ke6
46. Ne4 Rb4 47. Nxc5+ Kf5 48. Nd3 Rxc4 49. f3 Ra4 50. Nc5 Ra5 51. Nd3 c5 52.
Kf2 c4 53. Nc1 e4 54. fxe4+ Kxe4 55. Ke2 c3 56. Kd1 f5 57. Ne2 Ra1+ 58. Kc2
Ra2+ 59. Kd1 Rd2+ 60. Ke1 Rxe2+ 61. Kxe2 c2 62. Kd2 f4 63. Kxc2 Ke3 64. Kd1 f3
65. Ke1 f2+ 66. Kf1 Kf3 67. h4 Kg3 68. Ke2 Kg2 69. Ke3 f1=Q 70. Kd4 Qe1 71. Kd3
Qb4 72. Ke3 Kg3 73. Kd3 Kf4 74. Kc2 Qa3 75. Kd2 Ke4 76. Kc2 Kd4 77. Kd2 Qb2+
78. Ke1 Ke3 79. Kd1 Qd2# 0-1

[Event "DEM U10/U10w 2004"]
[Site "Willingen GER"]
[Date "2004.06.04"]
[Round "10"]
[White "Liptak, Patrick"]
[Black "Weißenburg, Isabel"]
[Result "0-1"]
[Termination "normal"]
[Board "34"]
[WhiteElo "1085"]
[BlackElo "878"]
[PlyCount "84"]
[BlackFideId "4612922"]
[EventCountry "GER"]
[EventRounds "11"]
[EventType "swiss"]
[EventDate "2004.05.29"]

1. e4 c5 2. Nf3 d6 3. d4 cxd4 4. Nxd4 Nf6 5. Nc3 a6 6. Bg5 e6 7. Qd2 Nbd7 8. f4
b5 9. Nc6 Qc7 10. Bxf6 Nxf6 11. e5 Nd7 12. Nb4 Bb7 13. exd6 Bxd6 14. Nd3 O-O-O
15. O-O-O Nc5 16. Ne2 Nxd3+ 17. Qxd3 Bxf4+ 18. Nxf4 Rxd3 19. Nxd3 Be4 20. Nb4
a5 21. Nd3 Rd8 22. h3 b4 23. b3 Qc3 24. Rg1 Qd4 25. Rh1 Rd7 26. Kb1 Rc7 27. Rh2
Qc3 28. Rc1 a4 29. bxa4 Ra7 30. Nb2 Rb7 31. Ba6 Bd5 32. Bxb7+ Kxb7 33. g4 Qa3
34. Rd1 Qxa2+ 35. Kc1 Qa1+ 36. Kd2 Qxb2 37. Ke1 Qe5+ 38. Re2 Qg3+ 39. Rf2 Bf3
40. Rd7+ Kc6 41. Rxf7 Qe5+ 42. Kf1 Qa1# 0-1

[Event "DEM U10/U10w 2004"]
[Site "Willingen GER"]
[Date "2004.06.04"]
[Round "10"]
[White "Rozenfeld, Elisabeth"]
[Black "Dietrich, Christoph"]
[Result "1-0"]
[Termination "normal"]
[Board "35"]
[WhiteElo "988"]
[BlackElo "815"]
[PlyCount "43"]
[WhiteFideId "4624742"]
[EventCountry "GER"]
[EventRounds "11"]
[EventType "swiss"]
[EventDate "2004.05.29"]

1. e4 e5 2. Nf3 Nc6 3. d4 exd4 4. Nxd4 Nxd4 5. Qxd4 Nf6 6. Nc3 c6 7. Bd2 d5 8.
exd5 cxd5 9. O-O-O Be7 10. f3 O-O 11. g4 a5 12. h4 Nd7 13. h5 h6 14. Nxd5 Nb6
15. Nxe7+ Qxe7 16. Qxb6 a4 17. a3 Ra6 18. Bxa6 bxa6 19. Kb1 Rd8 20. Bb4 Rxd1+
21. Rxd1 Qe2 22. Rd8+ 1-0

[Event "DEM U10/U10w 2004"]
[Site "Willingen GER"]
[Date "2004.06.04"]
[Round "10"]
[White "Dilz, Jasmin"]
[Black "Barden, Andrea"]
[Result "1-0"]
[Termination "normal"]
[Board "38"]
[WhiteElo "1004"]
[BlackElo "1115"]
[PlyCount "55"]
[BlackFideId "24698822"]
[EventCountry "GER"]
[EventRounds "11"]
[EventType "swiss"]
[EventDate "2004.05.29"]

1. e4 g6 2. d4 Bg7 3. Nc3 d6 4. Nf3 Nf6 5. Be3 O-O 6. Qd2 b6 7. Bh6 Bb7 8. Bd3
e6 9. h4 Nc6 10. h5 Qd7 11. hxg6 fxg6 12. Bxg7 Kxg7 13. Qh6+ Kg8 14. O-O-O Qg7
15. Qxg7+ Kxg7 16. Rdf1 a5 17. d5 exd5 18. Nxd5 Nxe4 19. Bxe4 Rab8 20. Nxc7 Kg8
21. Bxc6 Bxc6 22. Ne6 Rfe8 23. Ned4 Bd7 24. Re1 Rf8 25. Re7 Bg4 26. Rhxh7 Rfe8
27. Rxe8+ Rxe8 28. Rb7 1-0

[Event "DEM U10/U10w 2004"]
[Site "Willingen GER"]
[Date "2004.06.04"]
[Round "10"]
[White "Döring, Stefan"]
[Black "Blankenstein, Julius"]
[Result "1/2-1/2"]
[Termination "normal"]
[Board "39"]
[WhiteElo "1113"]
[BlackElo "786"]
[PlyCount "84"]
[WhiteFideId "1272047"]
[EventCountry "GER"]
[EventRounds "11"]
[EventType "swiss"]
[EventDate "2004.05.29"]

1. e4 c5 2. Nf3 e6 3. d4 cxd4 4. Nxd4 a6 5. Nc3 b5 6. Be3 Bb7 7. f3 Qc7 8. Qd2
d6 9. O-O-O Nf6 10. g4 h6 11. h4 Nfd7 12. Be2 Nb6 13. b3 N8d7 14. g5 Rc8 15.
Nb1 d5 16. Bf4 e5 17. Bg3 Bc5 18. Nf5 Bb4 19. c3 Bxc3 20. Nxc3 Qxc3+ 21. Qxc3
Rxc3+ 22. Kb2 Rc8 23. Nd6+ Ke7 24. Nxc8+ Nxc8 25. exd5 hxg5 26. a4 bxa4 27.
bxa4 gxh4 28. Bxh4+ Ke8 29. Bg5 Rxh1 30. Rxh1 f6 31. Bd2 Ncb6 32. Rh8+ Ke7 33.
Bb4+ Kf7 34. Rd8 Nxa4+ 35. Ka3 Ndb6 36. d6 Bc6 37. Bd1 Ke6 38. Bb3+ Kf5 39. Rg8
g5 40. Rf8 Nd7 41. Re8 Nab6 42. Bd2 Bxf3 1/2-1/2

[Event "DEM U10/U10w 2004"]
[Site "Willingen GER"]
[Date "2004.06.04"]
[Round "10"]
[White "Prymak, Anna"]
[Black "Priese, Franziska"]
[Result "0-1"]
[Termination "normal"]
[Board "42"]
[WhiteElo "774"]
[BlackElo "711"]
[PlyCount "54"]
[EventCountry "GER"]
[EventRounds "11"]
[EventType "swiss"]
[EventDate "2004.05.29"]

1. e4 e5 2. Nf3 Nc6 3. Bc4 Nf6 4. d3 Bc5 5. Nc3 d6 6. h3 Be6 7. Nd5 Qd7 8. Bh6
Bxd5 9. Bxg7 Rg8 10. Bxf6 Rxg2 11. exd5 Bxf2+ 12. Kf1 Rg6 13. Kxf2 Rxf6 14.
dxc6 Qxc6 15. Qe2 O-O-O 16. Qe3 Rg8 17. Rhg1 Re8 18. Rg3 b6 19. Ke1 d5 20. Ba6+
Kd8 21. Ke2 Qxc2+ 22. Qd2 Qa4 23. Qg5 Qc2+ 24. Qd2 Qa4 25. Bb7 e4 26. Ng5 exd3+
27. Kxd3 Qc4# 0-1

[Event "DEM U10/U10w 2004"]
[Site "Willingen GER"]
[Date "2004.06.05"]
[Round "11"]
[White "Dünzel, Jonas"]
[Black "Osmanodja, Bilgin"]
[Result "1/2-1/2"]
[Termination "normal"]
[Board "1"]
[WhiteElo "1433"]
[BlackElo "1388"]
[PlyCount "27"]
[WhiteFideId "24631167"]
[EventCountry "GER"]
[EventRounds "11"]
[EventType "swiss"]
[EventDate "2004.05.29"]

1. d4 Nf6 2. c4 g6 3. Nc3 Bg7 4. e4 d6 5. h3 O-O 6. Nf3 a6 7. a4 Nbd7 8. Be3 c5
9. d5 Qc7 10. Bd3 Nb6 11. Qc2 e6 12. O-O e5 13. Qd2 Bd7 14. b3 1/2-1/2

[Event "DEM U10/U10w 2004"]
[Site "Willingen GER"]
[Date "2004.06.05"]
[Round "11"]
[White "Boos, Philipp"]
[Black "Kaphle, Sebastian"]
[Result "1-0"]
[Termination "normal"]
[Board "2"]
[WhiteElo "1442"]
[BlackElo "1454"]
[PlyCount "53"]
[BlackFideId "24626708"]
[EventCountry "GER"]
[EventRounds "11"]
[EventType "swiss"]
[EventDate "2004.05.29"]

1. d4 Nf6 2. c4 g6 3. Nc3 Bg7 4. e4 d6 5. f3 O-O 6. Be3 e5 7. d5 c6 8. Bd3 b5
9. dxc6 bxc4 10. Bxc4 Nxc6 11. Nge2 Nh5 12. O-O Be6 13. Bd5 Bxd5 14. Nxd5 f5
15. Rc1 Qd7 16. Rxc6 fxe4 17. Rc7 Qe6 18. fxe4 Rxf1+ 19. Qxf1 Rf8 20. Qd1 Qg4
21. Nec3 Qh4 22. Qe2 Rb8 23. Qf2 Qg4 24. h3 Qe6 25. Re7 Qc8 26. Qf7+ Kh8 27. g4
1-0

[Event "DEM U10/U10w 2004"]
[Site "Willingen GER"]
[Date "2004.06.05"]
[Round "11"]
[White "Noe, Christopher"]
[Black "Rafayevych, Vilen"]
[Result "1-0"]
[Termination "normal"]
[Board "3"]
[WhiteElo "1552"]
[BlackElo "1425"]
[PlyCount "91"]
[WhiteFideId "24692018"]
[BlackFideId "24673897"]
[EventCountry "GER"]
[EventRounds "11"]
[EventType "swiss"]
[EventDate "2004.05.29"]

1. d4 d5 2. c4 e6 3. Nc3 Nf6 4. Bg5 Nbd7 5. Nf3 c6 6. e3 Qa5 7. Nd2 Ne4 8.
Ndxe4 dxe4 9. Bf4 Nb6 10. a3 Qf5 11. Qc2 c5 12. Qxe4 Qxe4 13. Nxe4 cxd4 14.
exd4 Be7 15. Be2 O-O 16. O-O Rd8 17. Rfd1 Bd7 18. b4 Ba4 19. Rd2 Rac8 20. c5
Nd5 21. Bd6 Bxd6 22. Nxd6 Rc7 23. Bf3 Bc6 24. b5 Bd7 25. Bxd5 exd5 26. a4 b6
27. a5 bxc5 28. dxc5 Bc8 29. Rxd5 Bb7 30. Re5 f6 31. Ree1 Bc8 32. Rac1 Kf8 33.
Kf1 Re7 34. Rxe7 Kxe7 35. b6 axb6 36. axb6 Ba6+ 37. Ke1 Kd7 38. Kd2 Ke6 39. Ke3
Rd7 40. Kd4 Bc8 41. Rb1 Bb7 42. Ra1 Rxd6+ 43. cxd6 Kxd6 44. f3 Kc6 45. Re1 Kxb6
46. Re7 1-0

[Event "DEM U10/U10w 2004"]
[Site "Willingen GER"]
[Date "2004.06.05"]
[Round "11"]
[White "Zimmermann, Gordon"]
[Black "Zier, Oliver"]
[Result "1-0"]
[Termination "normal"]
[Board "4"]
[WhiteElo "1562"]
[BlackElo "1296"]
[PlyCount "45"]
[WhiteFideId "24624330"]
[BlackFideId "24631906"]
[EventCountry "GER"]
[EventRounds "11"]
[EventType "swiss"]
[EventDate "2004.05.29"]

1. e4 c5 2. Nf3 Nc6 3. d4 cxd4 4. Nxd4 e6 5. Nc3 a6 6. Be3 Qc7 7. Qd2 Nf6 8. f3
Bb4 9. a3 Qa5 10. Nb3 Bxc3 11. Nxa5 Bxd2+ 12. Bxd2 d5 13. exd5 exd5 14. O-O-O
Be6 15. Nxb7 Ke7 16. Bd3 Rhb8 17. Nc5 Rb6 18. Rhe1 Kd6 19. Nb3 a5 20. Bf4+ Ke7
21. Bf5 Rab8 22. Bxb8 Rxb8 23. Nc5 1-0